Športovec v postavení zamestnanca

Postavenie orgánov verejnej správy v športe. Postavenie jednotlivých fyzických osôb ako subjektov v športe, zdaňovanie ich príjmov plynúcich zo športovej činnosti, ak sú v postavení zamestnancov. Profesionálni športovci. Zákon o športe č. 440/2015 Z.z. nadobudol účinnosť od 1.1.2016.

Gespeichert in:
Bibliographische Detailangaben
1. Verfasser: Boráková, Marta
Format: Buchkapitel
Sprache:Slowakisch
Schlagworte:
Tags: Tag hinzufügen
Keine Tags, Fügen Sie das erste Tag hinzu!

MARC

LEADER 00000naa a2200000 4500
001 0216321
005 20231120135551.8
041 0 |a slo 
044 |a SK 
245 1 0 |a Športovec v postavení zamestnanca  |c Marta Boráková 
520 |a Postavenie orgánov verejnej správy v športe. Postavenie jednotlivých fyzických osôb ako subjektov v športe, zdaňovanie ich príjmov plynúcich zo športovej činnosti, ak sú v postavení zamestnancov. Profesionálni športovci. Zákon o športe č. 440/2015 Z.z. nadobudol účinnosť od 1.1.2016. 
610 2 0 |a šport 
610 2 0 |a zamestnanci 
610 2 0 |a príjmy 
610 2 0 |a zdaňovanie 
610 2 0 |a úpravy právne 
100 1 |a Boráková, Marta